Adivina el País por sus Ciudades - Estadísticas

Estadísticas generales
  • Esta prueba ha sido intentada 143 veces
  • La puntuación promedio es 14 de 25
Estadísticas de respuestas
Ciudades País % Correcto
Tijuana, Monterrey, Veracruz México
98%
Arequipa, Chiclayo, Cuzco Perú
96%
Oporto, Funchal, Braga Portugal
92%
Kazán, Ekaterimburgo, San Petersburgo Rusia
89%
Johannesburgo, Durban, Puerto Elizabeth Sudáfrica
88%
Utrecht, La Haya, Róterdam Países Bajos
85%
Alejandría, Puerto Saíd, Suez Egipto
77%
Ciudad de Benín, Kano, Lagos Nigeria
69%
Split, Dubrovnik, Pula Croacia
67%
Busan, Ulsan, Incheon Corea del Sur
65%
Ciudad del Este, Caaguazú, Encarnación Paraguay
60%
Hama, Alepo, Homs Siria
57%
Pilsen, Brno, Liberec República Checa
56%
El Progreso, San Pedro Sula, Puerto Cortés Honduras
52%
Medan, Batam, Surabaya Indonesia
47%
Gao, Sikasso, Tombuctú Mali
43%
Hamhung, Nampo, Chongjin Corea del Norte
38%
Gonaïves, Les Cayes, Port-de-Paix Haití
37%
Buyumbura, Muyinga, Ngozi Burundi
26%
Chaguanas, Point Fortin, San Fernando Trinidad y Tobago
24%
Mongomo, Ebibeyin, Bata Guinea Ecuatorial
23%
Melekeok, Airai, Koror Palaos
22%
Talas, Karakol, Naryn Kirguistán
20%
Mahajanga, Antsirabe, Toamasina Madagascar
20%
Marigot, Portsmouth, Berekua Dominica
19%
No se encontraron pruebas coincidentes
Distribución de puntuación
Porcentaje de gente con cada puntuación
Porcentaje por número respondido
Historial de tus puntuaciones
No has intentado esta prueba.